[Event "CRO-ch"]
[Site "Slavonski Brod"]
[Date "1995.??.??"]
[Round "?"]
[White "Sulava, Nenad"]
[Black "Cebalo, Miso"]
[Result "0-1"]
[WhiteElo "2420"]
[BlackElo "2570"]

1.d4 Nf6 2.Nf3 c5 3.d5 e6 4.c4 exd5 5.cxd5 d6 6.Nc3 g6 7.h3 Bg7 8.e4 O-O
9.Bd3 b5 10.Nxb5 Re8 11.O-O Nxe4 12.Bxe4 Rxe4 13.Bg5 f6 14.Bd2 a6 15.Nc3 Re8
16.Bf4 g5 17.Bg3 f5 18.Nd2 f4 19.Bh2 Nd7 20.Nce4 Ne5 21.h4 h6 22.hxg5 hxg5
23.Qh5 Nf7 24.Rae1 Bf5 25.g4 Bh7 26.b3 Bd4 27.Kg2 Kg7 28.Qh3 Bg6 29.Qd3 Ne5
30.Qe2 Rh8 31.f3 Qg8 32.Nxg5 Bd3 33.Ne6+ Kf7 34.Qd1 Rxh2+ 35.Kxh2 Qh7+ 36.Kg2 Qh4
37.Nxf4 Rh8 38.Nh5 Rxh5 39.gxh5 Bf5  0-1

[Event "St Petersburg-ch"]
[Site "St Petersburg"]
[Date "1995.??.??"]
[Round "10"]
[White "Aseev, Konstantin N"]
[Black "Nepomnishay, Mikhail I"]
[Result "1-0"]
[WhiteElo "2530"]
[BlackElo "2410"]

1.d4 Nf6 2.c4 e6 3.Nf3 c5 4.d5 exd5 5.cxd5 d6 6.Nc3 g6 7.e4 Bg7 8.h3 O-O
9.Bd3 b5 10.Nxb5 Re8 11.O-O Nxe4 12.Re1 a6 13.Na3 Nf6 14.Rxe8+ Nxe8 15.Bg5 Bf6
16.Qd2 Bb7 17.Be4 Nd7 18.Re1 Bxg5 19.Nxg5 Nef6 20.Nc4 Nb6 21.Nxb6 Qxb6 22.Bf3 Qb4
23.Qxb4 cxb4 24.Re7 Bxd5 25.Bxd5 Nxd5 26.Rd7 Nf6 27.Rxd6 Kg7 28.Rb6 h6 29.Nf3 a5
30.Ne5 Re8 31.Rb5 a4 32.g3 a3 33.bxa3 bxa3 34.Ra5 Ne4 35.Nd3 Rc8 36.Rxa3 Rc2
37.h4 g5 38.hxg5 hxg5 39.Kg2 Nd2 40.Ne5 f5 41.Ra7+ Kf6 42.Nd3 g4 43.Ra6+ Ke7
44.Ra5 Rc3 45.Nf4 Rc1 46.Ne2 Ra1 47.Nd4 Nc4 48.Rc5 Rc1 49.Rxf5 Ra1 50.Rf4 Rxa2
51.Nc6+  1-0

[Event "Stockholm"]
[Site "Stockholm"]
[Date "1995.??.??"]
[Round "7"]
[White "Chernin, Alexander"]
[Black "Lyrberg, Patrik"]
[Result "1-0"]
[WhiteElo "2600"]
[BlackElo "2400"]

1.d4 Nf6 2.c4 e6 3.Nf3 c5 4.d5 exd5 5.cxd5 d6 6.Nc3 g6 7.h3 Bg7 8.e4 O-O
9.Bd3 Re8 10.O-O b6 11.Re1 Ba6 12.Bf4 Bxd3 13.Qxd3 a6 14.a4 Ra7 15.Bh2 Ree7
16.Nd2 Ne8 17.Kh1 Nd7 18.f4 Qb8 19.Nf3 Rc7 20.Qxa6 c4 21.e5 Rc5 22.exd6 Rxe1+
23.Rxe1 Bxc3 24.bxc3 Nxd6 25.Ne5 Nf6 26.Rb1 Nxd5 27.Nd7 Qc8 28.Nxc5 Qxc5
29.Qa8+ Kg7 30.Bg1  1-0

[Event "Szekszard op "]
[Site "Szekszard"]
[Date "1995.??.??"]
[Round "?"]
[White "Seres, Lajos"]
[Black "Meszaros, Andras"]
[Result "0-1"]
[WhiteElo "2435"]
[BlackElo "2355"]

1.d4 Nf6 2.c4 c5 3.d5 e6 4.Nc3 exd5 5.cxd5 d6 6.Nf3 g6 7.g3 Bg7 8.Bg2 O-O
9.O-O Re8 10.Nd2 b6 11.a4 Ba6 12.Nb5 Nbd7 13.Nc4 Bxb5 14.axb5 Ne5 15.Nxe5 Rxe5
16.Bf4 Re7 17.Bf3 Ne4 18.Ra4 Qe8 19.Qb3 Bd4 20.Qc2 f5 21.Qb3 Kh8 22.h4 Qd7
23.Kg2 Nf6 24.Rfa1 Ng4 25.e3 Bg7 26.Ra6 Qc7 27.R1a4 Ne5 28.Be2 Nf7 29.Bd3 Be5
30.Qa2 Qb7 31.Kg1 Kg7 32.Bf1 Qc7 33.Bg2 Bf6 34.Rc4 Qd7 35.Qb3 Rae8 36.Rca4 h6
37.Qa2 g5 38.hxg5 hxg5 39.Rxa7 Qxb5 40.b4 Qd3 41.bxc5 bxc5  0-1

[Event "P&V Cup"]
[Site "Tjalfe"]
[Date "1995.??.??"]
[Round "?"]
[White "Kinsman, Andrew PH"]
[Black "Lejlic, Samir"]
[Result "0-1"]
[WhiteElo "2355"]
[BlackElo "2425"]

1.Nf3 Nf6 2.d4 c5 3.d5 e6 4.c4 exd5 5.cxd5 d6 6.Nc3 g6 7.Bf4 a6 8.Nd2 b5
9.a4 b4 10.Nce4 Nh5 11.Bg5 f6 12.Be3 f5 13.g4 fxg4 14.Nc4 Bf5 15.Bg5 Qc7
16.Qd2 Nd7 17.Bg2 h6 18.Bf4 Bxe4 19.Bxe4 Kf7 20.h3 gxh3 21.O-O-O Ndf6 22.Bb1 Re8
23.Rxh3 Qd7 24.Rf3 b3 25.e4 Qg4 26.Qe3 Nxf4 27.Rxf4 Qg5 28.Nd2 h5 29.Nf3 Qh6
30.Rg1 Kg7 31.Ng5 Ng4 32.Rf7+ Kg8 33.Qd2 Ne5 34.Rb7 Be7 35.f4 Bxg5 36.Rxg5 Nf3
37.Qg2 Nxg5 38.e5 Rh7 39.fxg5 Qf8 40.Rxh7 Qf4+ 41.Kd1 Qd4+ 42.Kc1 Rxe5  0-1

[Event "Val Thorens op"]
[Site "Val Thorens"]
[Date "1995.??.??"]
[Round "?"]
[White "Lacrosse, Marc"]
[Black "Lupu, Mircea Sergiu"]
[Result "1/2-1/2"]
[WhiteElo "2275"]
[BlackElo "2125"]

1.d4 Nf6 2.c4 c5 3.d5 e6 4.Nc3 exd5 5.cxd5 d6 6.Nf3 g6 7.g3 Bg7 8.Bg2 O-O
9.O-O Na6 10.a3 Nc7 11.e4 Rb8 12.a4 b6 13.Re1 Bb7 14.Bf4 Nh5 15.Bg5 Bf6 16.Be3 Bg7
17.Bg5 Qd7 18.g4 Nf6 19.Qd2 h5 20.Bxf6 Bxf6 21.gxh5 Rbe8 22.hxg6 fxg6 23.Qh6 Bg7
24.Qxg6 Rf6 25.Qg3 Qf7 26.e5 Rg6 27.e6 Rexe6 28.Ng5 Qf5 29.Nxe6 Nxe6 30.Rxe6 Rxg3
31.fxg3 Be5 32.Rf1 Qg5 33.Re8+ Kg7 34.Rff8 Qe3+ 35.Kh1 Qe1+ 36.Bf1 Ba6 37.Rg8+ Kh7
38.Rh8+ Kg6 39.Rhg8+ Kh7 40.Rh8+ Kg6 41.Rhg8+  1/2-1/2

[Event "LTU-ch"]
[Site "Vilnius"]
[Date "1995.??.??"]
[Round "9"]
[White "Kaunas, Kestutis"]
[Black "Piesina, Gintautas"]
[Result "1-0"]
[WhiteElo "2415"]
[BlackElo "2400"]

1.d4 Nf6 2.c4 e6 3.Nf3 c5 4.d5 exd5 5.cxd5 d6 6.Nc3 g6 7.Bf4 a6 8.e4 b5 9.Qe2 Be7
10.e5 dxe5 11.Bxe5 Nbd7 12.Bd6 b4 13.Na4 Nxd5 14.O-O-O N7f6 15.Bxe7 Qxe7
16.Qxe7+ Kxe7 17.Bc4 Be6 18.Rhe1 Rhd8 19.b3 Nf4 20.g3 Rxd1+ 21.Kxd1 Nh3 22.Nxc5 Rd8+
23.Kc2 Rd6 24.Ne5 Kf8 25.Nxe6+ fxe6 26.Nd3 Ng5 27.Nxb4 Nf3 28.Rd1 Nd4+ 29.Kb2 a5
30.Nc2 e5 31.f4 Nf5 32.Rxd6 Nxd6 33.fxe5 Nxc4+ 34.bxc4 Ng4 35.h3 Nxe5 36.Kc3 Ke7
37.Kd4 Nf3+ 38.Kd5 Kd7 39.Nd4 h5 40.Nxf3  1-0

[Event "Wattens op"]
[Site "Wattens"]
[Date "1995.??.??"]
[Round "?"]
[White "Skomorokhin, Roman"]
[Black "Hillgarter, Erik"]
[Result "1-0"]
[WhiteElo "2460"]
[BlackElo "1835"]

1.d4 Nf6 2.c4 e6 3.Nc3 c5 4.d5 exd5 5.cxd5 d6 6.Nf3 g6 7.Nd2 a6 8.a4 Nbd7
9.e4 Bg7 10.Be2 O-O 11.O-O Re8 12.f4 Qc7 13.Kh1 b6 14.Qc2 Bb7 15.Nc4 Kh8
16.Bd2 Rab8 17.Rad1 Ba8 18.Be1 Ng8 19.Bg3 b5 20.axb5 axb5 21.Na3 b4 22.Ncb5 Qb6
23.Nc4 Qxb5 24.Nxd6 Qb6 25.Nxf7+  1-0

[Event "Werfen op"]
[Site "Werfen"]
[Date "1995.??.??"]
[Round "2"]
[White "Kock, Hans Uwe"]
[Black "Womacka, Mathias"]
[Result "0-1"]
[WhiteElo "2240"]
[BlackElo "2490"]

1.d4 Nf6 2.c4 e6 3.Nf3 c5 4.d5 exd5 5.cxd5 d6 6.Nc3 g6 7.g3 Bg7 8.Bg2 O-O
9.O-O Na6 10.h3 Nc7 11.a4 Re8 12.Bg5 Rb8 13.Qd2 a6 14.e4 h6 15.Bxh6 Nxe4
16.Nxe4 Rxe4 17.Bxg7 Kxg7 18.Rfe1 Rxe1+ 19.Rxe1 Bd7 20.Ng5 Ne8 21.h4 Nf6
22.Qf4 Bf5 23.Qd2 Qd7 24.Qc3 Re8 25.Rxe8 Qxe8 26.a5 Qe2 27.Nh7 Qd1+ 28.Kh2 Qd4
29.Nxf6 Kxf6 30.Qf3 Kg7 31.Qe2 Bd3 32.Qe7 Qxf2 33.Qxd6 Qxb2 34.Qf4 Qd4 35.Qxd4+ cxd4
36.d6 Kf6 37.Bxb7 Ke6 38.Bd5+ Kxd6 39.Bxf7 Kc5 40.Kg2 Kb4 41.g4 Be4+ 42.Kf2 d3
43.Be8 d2 44.Ke2 Kc3  0-1

[Event "Yalta op"]
[Site "Yalta"]
[Date "1995.??.??"]
[Round "6"]
[White "Kiriakov, Petr"]
[Black "Moskalenko, Viktor"]
[Result "1-0"]
[WhiteElo "2480"]
[BlackElo "2525"]

1.d4 Nf6 2.c4 c5 3.d5 e6 4.Nc3 exd5 5.cxd5 d6 6.Nf3 g6 7.h3 Bg7 8.e4 O-O
9.Bd3 a6 10.a4 Nbd7 11.O-O Rb8 12.Bf4 Qe7 13.Re1 Nh5 14.Bg5 Bf6 15.Be3 Ne5
16.g4 Nxf3+ 17.Qxf3 Ng7 18.Qg2 h5 19.f4 Bd4 20.Bxd4 cxd4 21.Ne2 Re8 22.f5 hxg4
23.hxg4 gxf5 24.gxf5 Bxf5 25.exf5 Qe3+ 26.Kh1 Qxd3 27.f6 Qh7+ 28.Kg1 Re4
29.Qxg7+ Qxg7+ 30.fxg7 Rbe8 31.Kf2 R8e5 32.Ng3 Rf4+ 33.Kg2 Rxd5 34.Re4 Rxe4
35.Nxe4 Kxg7 36.Rd1 b5 37.axb5 Rxb5 38.Rd2 Rb6 39.Kf3 f5 40.Ng3 Kf6 41.Ne2 a5
42.Nxd4 a4 43.Kf4 Ra6 44.Nb5 Ke7 45.Kxf5 Kd7 46.Ke4 Rb6 47.Na3 Rb4+ 48.Kd5 Rh4
49.Nb5 Rh5+ 50.Kc4 Rh4+ 51.Rd4  1-0

[Event "Zadar op"]
[Site "Zadar"]
[Date "1995.??.??"]
[Round "?"]
[White "Bilobrk, Franjo"]
[Black "Cebalo, Miso"]
[Result "0-1"]
[WhiteElo "2315"]
[BlackElo "2570"]

1.d4 Nf6 2.c4 e6 3.Nf3 c5 4.d5 exd5 5.cxd5 d6 6.Nc3 g6 7.h3 Bg7 8.e4 O-O
9.Bd3 b5 10.Nxb5 Re8 11.O-O Nxe4 12.Re1 a6 13.Na3 Nf6 14.Rxe8+ Nxe8 15.Bg5 Bf6
16.Qd2 Nd7 17.Re1 Bb7 18.Be4 Bxg5 19.Nxg5 Ndf6 20.Nc4 Rc8 21.Bf3 Rc7 22.Ne4 Nxe4
23.Rxe4 Nf6 24.Re3 Re7 25.Rb3 Ne4 26.Bxe4 Rxe4 27.Na5 Bc8 28.Nc6 Qf6 29.Rb8 Re8
30.Qc3 Kg7 31.f3 Bd7 32.Rb6 Re2 33.a4 Bf5 34.Na5 Qd4+ 35.Kh2 Rc2 36.Qe1 h5
37.Qg3 Rc1 38.Qxd6 h4 39.Qf6+ Qxf6  0-1

[Event "Zadar op (Women)"]
[Site "Zadar"]
[Date "1995.??.??"]
[Round "?"]
[White "Petek Medic, Mirjana"]
[Black "Krmelj, Natasa"]
[Result "1/2-1/2"]
[WhiteElo "2350"]
[BlackElo "2060"]

1.d4 Nf6 2.c4 e6 3.Nf3 c5 4.d5 exd5 5.cxd5 d6 6.Nc3 g6 7.Nd2 Bg7 8.Nc4 O-O
9.Bf4 Ne8 10.e3 Na6 11.Be2 Nac7 12.a4 b6 13.O-O Ba6 14.e4 Bxc4 15.Bxc4 Nf6
16.Re1 Nh5 17.Be3 Rb8 18.Qd2 a6 19.Be2 Nf6 20.f4 Nd7 21.Bg4 f5 22.exf5 gxf5
23.Bf3 Kh8 24.Bf2 Qf6 25.Re2 Qf7 26.Rae1 Rbe8 27.Qd3 Rxe2 28.Rxe2 Rb8 29.h3 b5
30.Bh4 c4 31.Qd1 Re8 32.axb5 axb5 33.Bf2 b4 34.Na2 b3 35.Nc3 Nc5 36.Rxe8+ Qxe8
37.Be2 Bxc3 38.bxc3 Nd3 39.Bxd3 cxd3 40.Qxd3 b2 41.Bd4+ Kg8 42.Qb1 Nxd5 43.Qxb2 Nxf4
44.Qa2+ Kf8 45.Kh2 Qe4 46.Qb2 Ke7 47.Qf2 Ne2 48.Bg7  1/2-1/2

[Event "Zalakaros op"]
[Site "Zalakaros"]
[Date "1995.??.??"]
[Round "9"]
[White "Sinkovics, Peter"]
[Black "Parkanyi, Attila"]
[Result "1/2-1/2"]
[WhiteElo "2410"]
[BlackElo "2325"]

1.d4 Nf6 2.Nf3 e6 3.c4 c5 4.d5 exd5 5.cxd5 d6 6.Nc3 g6 7.h3 Bg7 8.e4 O-O
9.Bd3 Re8 10.O-O a6 11.a4 Nbd7 12.Bf4 Qc7 13.Bh2 Nh5 14.g4 Nhf6 15.Nd2 h5
16.Nc4 Ne5 17.f4 Nxc4 18.Bxc4 Nxe4 19.f5 hxg4 20.hxg4 Nxc3 21.bxc3 Bxc3 22.fxg6 fxg6
23.Ra3 Bd4+ 24.Kh1 Qe7 25.Qf3 Qe4 26.Bxd6 Qxf3+ 27.Raxf3 Bxg4 28.Rg3 Bh5
29.Be7 b5 30.Ba2 c4 31.d6 Ra7 32.Rf5 Bg7 33.Rd5 Raxe7 34.dxe7 Rxe7 35.axb5 Re1+
36.Kh2 axb5 37.Rxb5 Be5 38.Bxc4+ Kg7 39.Rxe5 Rxe5 40.Kg2 Kf6 41.Bd3 g5 42.Kf2 g4
43.Re3 Ra5 44.Be2 Kg5 45.Kg3 Rc5 46.Rb3 Re5  1/2-1/2

[Event "Hallsberg opJ32"]
[Site "Hallsberg"]
[Date "1996.12.31"]
[Round "4"]
[White "Lauber, Arnd"]
[Black "Andersson, Tommy"]
[Result "1-0"]
[WhiteElo "2380"]
[BlackElo "2235"]

1.d4 Nf6 2.c4 e6 3.Nc3 c5 4.d5 exd5 5.cxd5 d6 6.Nf3 g6 7.h3 Bg7 8.e4 O-O
9.Bd3 Re8 10.O-O a6 11.a4 Nbd7 12.Re1 Qc7 13.Bf1 Rb8 14.Bf4 Nh5 15.Bh2 Ne5
16.g4 Nxf3+ 17.Qxf3 Nf6 18.Qf4 Re5 19.Qd2 Re7 20.e5 dxe5 21.d6 Qd8 22.dxe7 Qxd2
23.Rad1 Qd7 24.Rxd7 Bxd7 25.Rd1 g5 26.Bxe5 Re8 27.Bxf6 Bxa4 28.Rd8  1-0

[Event "RUS-ch sf"]
[Site "Arkhangelsk"]
[Date "1996.??.??"]
[Round "?"]
[White "Zakharevich, Igor"]
[Black "Bratchenko, Alexander"]
[Result "1-0"]
[WhiteElo "2435"]
[BlackElo "2405"]

1.d4 Nf6 2.c4 c5 3.d5 e6 4.Nc3 exd5 5.cxd5 d6 6.Nf3 g6 7.h3 Bg7 8.e4 O-O
9.Bd3 a6 10.a4 Nbd7 11.O-O Rb8 12.Re1 Ne8 13.Bg5 f6 14.Be3 Nc7 15.Rb1 a5
16.Nd2 Ne5 17.Be2 g5 18.Nf1 f5 19.exf5 Bxf5 20.Ra1 h6 21.Ng3 Bg6 22.Qd2 b6
23.Rf1 Qe7 24.f4 gxf4 25.Bxf4 Qh4 26.Nge4 Rbd8 27.Bg3 Qe7 28.Rae1 Rxf1+ 29.Bxf1 Rf8
30.Qe2 Re8 31.Qd1 Kh8 32.Kh1 Rf8 33.Be2 Qd7 34.Qb3 Rb8 35.Bh4 Bf5 36.Rf1 Ng6
37.Bg3 Bxh3 38.Nxd6 Rf8 39.Qxb6 Rxf1+ 40.Bxf1  1-0

[Event "AUT-ch"]
[Site "AUT"]
[Date "1996.??.??"]
[Round "7"]
[White "Kummer, Helmut"]
[Black "Lendwai, Reinhard"]
[Result "1/2-1/2"]
[WhiteElo "2300"]
[BlackElo "2370"]

1.d4 Nf6 2.c4 e6 3.Nf3 c5 4.d5 exd5 5.cxd5 d6 6.Nc3 g6 7.e4 a6 8.a4 Bg4 9.Be2 Bxf3
10.Bxf3 Bg7 11.Bf4 O-O 12.O-O Ne8 13.Be3 Nd7 14.Be2 Qe7 15.Re1 Nc7 16.Bf1 Rfe8
17.f3 Qf8 18.Bf2 Rab8 19.Qc2 Be5 20.g3 Qg7 21.Bh3 Rbd8 22.Rad1 b5 23.f4 Bxc3
24.bxc3 Nb6 25.axb5 axb5 26.Bg2 f6 27.Ra1 Ra8 28.Rxa8 Rxa8 29.e5 Qf8 30.Rd1 fxe5
31.fxe5 Nc4 32.exd6 Qxd6 33.g4 Re8 34.Bg3 Qd7 35.d6 Ne3 36.Qa2+ Ne6 37.Re1 Nxg2
38.Qxg2 Nf8 39.Rxe8 Qxe8 40.Qd5+ Qf7 41.Qxc5 Qf3 42.Qxb5 Qd1+ 43.Kg2 Qd2+
44.Kf1 Qd1+ 45.Kf2 Qd2+ 46.Qe2 Qxc3 47.Qa2+ Kg7 48.Qd5 Nd7 49.Kg2 Qb2+ 50.Bf2 Nf6
51.Qd4 Qb7+ 52.Kg3 Kf7 53.Qc4+ Nd5 54.Bc5 Ke6 55.Qe4+ Kd7 56.Qa4+ Qc6 57.Qxc6+ Kxc6
58.Kf3 h6 59.Ba3 Kd7 60.h3 Ke6 61.Ke4 Nc3+ 62.Kf4 Nb5 63.d7  1/2-1/2

[Event "Bagneux"]
[Site "Bagneux"]
[Date "1996.??.??"]
[Round "8"]
[White "Sinkovics, Peter"]
[Black "De Sousa, Jose"]
[Result "1-0"]
[WhiteElo "2405"]
[BlackElo "2265"]

1.d4 Nf6 2.Nf3 e6 3.c4 c5 4.d5 d6 5.Nc3 exd5 6.cxd5 g6 7.h3 a6 8.a4 Qe7 9.Ra3 Bg7
10.e4 O-O 11.Bd3 Nxe4 12.Nxe4 f5 13.O-O fxe4 14.Re1 Qf7 15.Rxe4 Nd7 16.Qe2 Ne5
17.Nxe5 Bxe5 18.Bh6 Re8 19.g4 Bd7 20.Bc4 b5 21.axb5 Bxb5 22.Bxb5 axb5 23.Rxa8 Rxa8
24.f4 Bf6 25.Re6 c4 26.Kh2 g5 27.Qe4 gxf4 28.Rxd6 f3 29.Re6 f2 30.Qf5 Bd4
31.Ra6 Qxf5 32.Rxa8+ Kf7 33.Rf8+ Kg6 34.Rxf5 Kxh6 35.Kg2 b4 36.Rf4 Bxb2 37.Rxc4 b3
38.Rb4  1-0

[Event "Balatonbereny op"]
[Site "Balatonbereny"]
[Date "1996.??.??"]
[Round "4"]
[White "Lukacs, Peter"]
[Black "Parkanyi, Attila"]
[Result "1-0"]
[WhiteElo "2440"]
[BlackElo "2365"]

1.d4 Nf6 2.c4 e6 3.Nc3 c5 4.d5 exd5 5.cxd5 d6 6.Nf3 g6 7.Nd2 Nbd7 8.e4 Bg7
9.Be2 O-O 10.O-O Re8 11.a4 a6 12.f4 Rb8 13.Kh1 Qc7 14.a5 b5 15.axb6 Rxb6
16.Ra3 Bb7 17.Bf3 Rb4 18.Qc2 Nb6 19.Na2 Rb5 20.b3 Rc8 21.Be2 c4 22.bxc4 Nbd7
23.Nc3 Rb4 24.Ra2 Nb6 25.Ncb1 a5 26.Ba3 Ra4 27.Nc3 Rxa3 28.Rxa3 Ba6 29.Qa2 Nxc4
30.Nxc4 Bxc4 31.Bxc4 Qxc4 32.Qxc4 Rxc4 33.e5 dxe5 34.fxe5 Ng4 35.e6 Bxc3
36.e7 Re4 37.Rxc3 Rxe7 38.h3 Ne5 39.d6 Rd7 40.Rc5 Nd3 41.Rc8+ Kg7 42.Rc7 Rxd6
43.Rfxf7+ Kh6 44.Rxh7+ Kg5 45.Rhd7  1-0

[Event "Balatonbereny op"]
[Site "Balatonbereny"]
[Date "1996.??.??"]
[Round "6"]
[White "Peter, Ambrus"]
[Black "Ionescu, Constantin"]
[Result "1/2-1/2"]
[WhiteElo "2415"]
[BlackElo "2525"]

1.d4 Nf6 2.c4 e6 3.Nf3 c5 4.d5 d6 5.Nc3 exd5 6.cxd5 g6 7.Nd2 Bg7 8.e4 O-O
9.Be2 Na6 10.O-O Nc7 11.a4 b6 12.Rb1 Re8 13.Re1 Rb8 14.h3 Ba6 15.Bxa6 Nxa6
16.Nc4 Rb7 17.Bf4 Rd7 18.Qf3 Nh5 19.Bh2 Nb4 20.Re2 Bd4 21.g4 Ng7 22.Rd1 f6
23.Qg3 Be5 24.Nxe5 fxe5 25.f4 c4 26.fxe5 dxe5 27.Nb1 Nd3 28.Nd2 Nf4 29.Rf2 Qc7
30.Qc3 Qc5 31.Bxf4 exf4 32.Kg2 Qe3 33.Rdf1 Qxc3 34.bxc3 g5 35.Kf3 Rc8 36.Rb1 Ne8
37.Rb4 Nf6 38.Rf1 Re7 39.Rfb1 Rce8 40.Rxc4 Nxd5 41.Rb5 Nc7 42.Rxg5+ Kh8 43.Nb3 Ne6
44.Rd5 Nc7 45.Rf5 Ne6 46.h4 h6 47.Rd5 Kh7 48.Rd6 Nf8 49.h5 Ne6 50.Nd2 Ng5+
51.Kxf4 Nf7 52.Rf6 Ne5 53.Rd4 Rg8 54.Rdd6 Rxg4+ 55.Ke3 Rg3+ 56.Kf2 Rxc3 57.Rxh6+ Kg7
58.Rhe6 Ng4+ 59.Ke2 Re3+ 60.Kd1 Nf2+ 61.Kc2 Rc7+ 62.Rc6 Rd7 63.Rg6+ Kh7 64.Rh6+ Kg8
65.Rcg6+ Rg7 66.Rxg7+ Kxg7 67.Rd6 Re2 68.Rd4 Kh6 69.Kb3 Kxh5 70.Kb4 a6 71.Rd5+ Kg4
72.Rd6  1/2-1/2

[Event "Balatonbereny"]
[Site "Balatonbereny"]
[Date "1996.??.??"]
[Round "7"]
[White "Horvath, Jozsef"]
[Black "Palkovi, Jozsef"]
[Result "1-0"]
[WhiteElo "2505"]
[BlackElo "2480"]

1.d4 Nf6 2.c4 e6 3.Nf3 c5 4.d5 exd5 5.cxd5 d6 6.Nc3 g6 7.h3 Bg7 8.e4 O-O
9.Bd3 b5 10.Nxb5 Re8 11.O-O Nxe4 12.Qb3 a6 13.Na3 a5 14.Re1 a4 15.Qc2 Nf6
16.Bg5 Bd7 17.Nc4 Qc7 18.Qd2 Bb5 19.Nxd6 Qxd6 20.Bxb5 Rd8 21.Rad1 Nbd7 22.Bc6 Ra7
23.Bf4 Qf8 24.Qc2 a3 25.bxa3 Rxa3 26.Ne5 Nb6 27.Qb2 Ra6 28.Qb5 Ra4 29.Nd3 Nfxd5
30.Bxd5 Rxd5 31.Re8 Rxf4 32.Rxf8+ Bxf8 33.Qxb6 Rfd4 34.Qb1 c4 35.Nb2 c3 36.Rxd4 Rxd4
37.Nd3 Rc4 38.Qb3 Rc8 39.Ne1 Bd6 40.Kf1 Be5 41.Nc2 Rd8 42.a4  1-0

[Event "Regionalliga NW9596"]
[Site "Bayern"]
[Date "1996.??.??"]
[Round "?"]
[White "Lippert, Frank"]
[Black "Zier, Ludwig"]
[Result "0-1"]
[WhiteElo "2115"]
[BlackElo "2080"]

1.d4 Nf6 2.Nf3 e6 3.c4 c5 4.d5 exd5 5.cxd5 d6 6.Nc3 g6 7.e4 a6 8.Bg5 Bg7
9.Nd2 h6 10.Bh4 b5 11.Be2 O-O 12.O-O Re8 13.f4 Nbd7 14.Bf3 Rb8 15.Qc2 Qc7
16.b3 Nh7 17.Rac1 g5 18.Bg3 gxf4 19.Bxf4 Ne5 20.Ne2 Nf8 21.Ng3 Nfg6 22.Be3 Qe7
23.Nf5 Bxf5 24.exf5 Nh4 25.f6  0-1

[Event "Oberliga Bayern9596"]
[Site "Bayern"]
[Date "1996.??.??"]
[Round "?"]
[White "Gruenberg, Hans Ulrich"]
[Black "Arbakov, Valentin"]
[Result "0-1"]
[WhiteElo "2450"]
[BlackElo "2455"]

1.d4 Nf6 2.Nf3 e6 3.c4 c5 4.d5 exd5 5.cxd5 d6 6.Nc3 g6 7.e4 Bg7 8.h3 O-O
9.Bd3 b5 10.Bxb5 Nxe4 11.Nxe4 Qa5+ 12.Nfd2 Qxb5 13.Nxd6 Qa6 14.N2c4 Nd7 15.O-O Nb6
16.Nxb6 axb6 17.Qc2 Bd7 18.Bg5 Qa4 19.Qxa4 Rxa4 20.b3 Ra7 21.Rae1 f6 22.Bf4 g5
23.Bg3 Rxa2 24.Re7 Rd8 25.Rfe1 Bf8 26.Nf7 Re8 27.Rxe8 Bxe8 28.Nh6+ Bxh6 29.Rxe8+ Kf7
30.Rb8 Rd2 31.Rb7+ Kg6 32.d6 Rd1+ 33.Kh2 Bf8 34.d7 Be7 35.Rxb6 Rxd7 36.f4 Kf5
37.fxg5 fxg5 38.Bb8 h5 39.Rb5 Ke4 40.Kg1 Ke3 41.Rb6 Kd3 42.Kf1 Kc2 43.Be5 Rd5
44.Bg7 Bd6 45.g4 h4 46.Bf6 Bf4 47.Rb5 Bd2 48.Rb7 Rd3 49.Be7 Rf3+ 50.Ke2 Re3+
51.Kf2 Re5 52.Kf3 Re3+ 53.Kf2 Rxh3 54.Bxc5 Bf4 55.b4 Kb3 56.Rg7 Rc3 57.Be7 h3
58.Bxg5 Rc2+ 59.Kf3 h2 60.Rh7 Bxg5 61.b5 Bd8 62.g5 Bxg5 63.b6 Be7  0-1

[Event "Regionalliga SO9596"]
[Site "Bayern"]
[Date "1996.??.??"]
[Round "?"]
[White "Bielmeier, Ludwig"]
[Black "Prediger, Rupert"]
[Result "1/2-1/2"]
[WhiteElo "2055"]
[BlackElo "2195"]

1.d4 Nf6 2.c4 c5 3.d5 e6 4.Nc3 exd5 5.cxd5 d6 6.Nf3 g6 7.e4 Bg7 8.Bf4 O-O
9.Nd2 a6 10.a4 Re8 11.Be2 Qc7 12.O-O Nbd7 13.Re1 Ne5 14.Nc4 Nxc4 15.Bxc4 Ng4
16.h3 Ne5 17.Be2 Rb8 18.Be3 f6 19.f4 Nf7 20.Bc4 Bd7 21.a5 b5 22.axb6 Rxb6
23.Qd2 Bb5 24.Bxb5 axb5 25.Bf2 b4 26.Na4 Ra6 27.b3 Rea8 28.Rec1 Qe7 29.Qc2 Qe8
30.Kh1 Nd8 31.Ra2 Nb7 32.Rca1 Qb5 33.Re1 Rc8 34.Qd1 Qe8 35.Bg3 Rca8 36.e5 fxe5
37.fxe5 dxe5 38.Rae2 Qf8 39.Bxe5 Bxe5 40.Rxe5 Rf6 41.Qe2 Rf2 42.Qb5 Nd6 43.Qxc5 Rc8
44.Qxb4 Rcc2 45.Rg5 Rf4 46.Qb6 Rf1+ 47.Rxf1 Qxf1+ 48.Kh2 Qf4+ 49.Rg3 Nf5
50.Qd8+ Kg7 51.Qg5 Qxg3+ 52.Qxg3 Nxg3 53.Kxg3 Rd2 54.Nb6 Rd4 55.Kf3 Kf7 56.Ke3 Rb4
57.Nc4 Rxb3+ 58.Kd4 Rg3 59.Ne3 h5 60.h4 g5 61.hxg5 Rxg5 62.Ke4 Ke8 63.Kf4 Rg7
64.g3 Kd7 65.Nf5 Rg8 66.Ke5 Rg5 67.Kf6 Rg4 68.Ke5 Rg8 69.Kf4 Rg4+ 70.Kf3 Rg5
71.Ne3 Kd6 72.Kf4 Rg6 73.Nf5+ Kd7 74.Kf3 Rg4 75.Ne3 Rg8 76.Nc4 Rg5 77.Ne3 Rg8
78.Kg2 Re8 79.Kf3  1/2-1/2

[Event "Benasque op"]
[Site "Benasque"]
[Date "1996.??.??"]
[Round "8"]
[White "Georgiev, Vladimir"]
[Black "Delchev, Aleksander"]
[Result "1/2-1/2"]
[WhiteElo "2465"]
[BlackElo "2510"]

1.d4 Nf6 2.c4 e6 3.Nf3 c5 4.d5 exd5 5.cxd5 d6 6.Nc3 g6 7.e4 Bg7 8.Bd3 a6
9.O-O O-O 10.h3 b5 11.Re1 Nbd7 12.Bf4 Qb6 13.Qd2 Re8 14.a3 Bb7 15.b4 Rac8
16.Rac1 Nh5 17.Be3 Qd8 18.Ne2 Qe7 19.g4 Nhf6 20.Ng3 cxb4 21.axb4 Ne5 22.Nxe5 Qxe5
23.f4 Qe7 24.Bf2 Nd7 25.g5 f6 26.h4 Qf7 27.Bf1 Nf8 28.Bh3 Rc4 29.Bf1 Rcc8
30.Rxc8 Rxc8 31.Bh3 Rc4 32.Rc1 Qc7 33.Rxc4 bxc4 34.Bd4 fxg5 35.Bxg7 Qxg7
36.hxg5 Qa1+ 37.Kf2 a5 38.b5 c3 39.Qd4 Qa3 40.Qc4 Qb4 41.Qxb4 axb4 42.Ne2 c2
43.Nc1 Kg7 44.Ke3 h6 45.gxh6+ Kxh6 46.Bf1 g5 47.f5 Nd7 48.Bd3 g4 49.Bxc2 Kg5
50.Nd3 g3 51.Kf3 Kh4 52.Nf4 Ne5+ 53.Kg2 Kg4 54.Ng6 Nd7 55.Bd1+ Kg5 56.Kxg3 Nc5
57.Kf3 b3 58.Ke3 Bc8 59.Nf8 Nxe4 60.Bxb3 Nc3 61.Ne6+ Bxe6 62.fxe6 Nxb5 63.Bc4 Nc7  1/2-1/2

[Event "Berliner Sommer"]
[Site "Berlin"]
[Date "1996.??.??"]
[Round "2"]
[White "Nitsche, Dirk"]
[Black "Pigusov, Evgeny"]
[Result "0-1"]
[WhiteElo "2295"]
[BlackElo "2570"]

1.d4 Nf6 2.Nf3 e6 3.c4 c5 4.d5 exd5 5.cxd5 d6 6.Nc3 g6 7.e4 Bg7 8.h3 a6 9.a4 O-O
10.Bd3 Re8 11.O-O Nbd7 12.Re1 Qe7 13.Bg5 h6 14.Bh4 g5 15.Bg3 Nh5 16.Bh2 Nf4
17.Bxf4 gxf4 18.Qd2 Ne5 19.Be2 Nxf3+ 20.Bxf3 Be5 21.a5 Bd7 22.Na4 Bb5 23.Nb6 Rad8
24.Rac1 Qf6 25.b3 Bb2 26.Rc2 Ba3 27.Rd1 Bb4 28.Qc1 Bxa5 29.Nc4 Bb4 30.Qa1 Kg7
31.Kh2 Qxa1 32.Rxa1 Re7 33.g3 Bxc4 34.bxc4 fxg3+ 35.Kxg3 Ree8 36.Bg2 Ra8
37.f4 f5 38.Re2 fxe4 39.Rxe4 Rxe4 40.Bxe4 Kf6 41.Kf3 Rg8 42.Bd3 a5 43.Ra2 Be1
44.Rg2 Rxg2 45.Kxg2 a4 46.Kf3 a3 47.Bb1 Bd2 48.Kg4 b5 49.Ba2 bxc4 50.Bxc4 Ke7
51.Bb3 Kd7 52.Ba2 Kc7 53.f5 Bg5 54.Kh5 Kb6 55.Kg6 Kb5 56.f6 Bxf6 57.Kxf6 c4  0-1

[Event "Bucharest"]
[Site "Bucharest"]
[Date "1996.??.??"]
[Round "?"]
[White "Cosma, Ioan"]
[Black "Marin, Mihail"]
[Result "0-1"]
[WhiteElo "2420"]
[BlackElo "2545"]

1.d4 Nf6 2.c4 e6 3.Nf3 c5 4.d5 d6 5.Nc3 exd5 6.cxd5 g6 7.h3 a6 8.a4 Qe7 9.Bg5 Nbd7
10.e3 h6 11.Bh4 Bg7 12.Be2 O-O 13.O-O g5 14.Bg3 Ne8 15.e4 Rb8 16.Qc2 Nc7
17.Rfe1 Re8 18.Qd2 Qf8 19.Bf1 b5 20.axb5 Nxb5 21.Nxb5 axb5 22.Ra5 c4 23.Qb4 Nc5
24.e5 Bd7 25.e6 fxe6 26.dxe6 Rxe6 27.Rxe6 Bxe6 28.Rxb5 Rxb5 29.Qxb5 d5 30.Be5 Bxe5
31.Nxe5 Ne4 32.Qb6 Qd6 33.Qd4 Qc5 34.Nf3 Kf7 35.Be2 Qxd4 36.Nxd4 Kf6 37.Kf1 Ke5
38.Nf3+ Kd6 39.Ke1 Kc5 40.Nd2 Nxd2 41.Kxd2 d4 42.Bd1 Bf5 43.Bh5 Be6 44.Bd1 Kb4
45.Bc2 h5 46.h4 gxh4 47.Bg6 Kb3 48.Kc1 d3 49.Bxh5 c3 50.bxc3 Kxc3 51.Kd1 Bd5
52.f4 Bxg2 53.Ke1 Bh3  0-1

[Event "Bucharest"]
[Site "Bucharest"]
[Date "1996.??.??"]
[Round "?"]
[White "Savchenko, Stanislav"]
[Black "Marin, Mihail"]
[Result "1/2-1/2"]
[WhiteElo "2585"]
[BlackElo "2545"]

1.d4 Nf6 2.c4 e6 3.Nf3 c5 4.d5 d6 5.Nc3 exd5 6.cxd5 g6 7.e4 a6 8.h3 b5 9.Bd3 Bg7
10.O-O O-O 11.Bf4 Re8 12.Re1 Nh5 13.Bg5 Qa5 14.a3 Bb7 15.Bd2 Qb6 16.b4 Nd7
17.Rc1 Ne5 18.Nxe5 Bxe5 19.Be3 Bf4 20.Bxf4 Nxf4 21.Bf1 cxb4 22.axb4 g5 23.Qd2 h6
24.Re3 Re5 25.Rce1 Rae8 26.g3 Ng6  1/2-1/2

[Event "Schneider mem op "]
[Site "Budapest"]
[Date "1996.??.??"]
[Round "?"]
[White "Polyak, Istvan"]
[Black "Parkanyi, Attila"]
[Result "1/2-1/2"]
[WhiteElo "2270"]
[BlackElo "2365"]

1.d4 Nf6 2.Nf3 e6 3.c4 c5 4.d5 exd5 5.cxd5 d6 6.Nc3 g6 7.Bf4 a6 8.e4 Bg7
9.a4 O-O 10.Be2 Re8 11.Nd2 Qc7 12.O-O Nbd7 13.h3 Ne5 14.Bh2 g5 15.Kh1 Nfd7
16.f4 gxf4 17.Bxf4 Ng6 18.Bg3 Nde5 19.Nf3 Qe7 20.Nxe5 Bxe5 21.Bxe5 Nxe5 22.Qd2 Ng6
23.Qd3 Qh4 24.Qf3 Ne5 25.Qf6 Qg3  1/2-1/2

[Event "HUN-ch"]
[Site "Budapest"]
[Date "1996.??.??"]
[Round "1"]
[White "Kiss, Pal"]
[Black "Palkovi, Jozsef"]
[Result "1/2-1/2"]
[WhiteElo "2480"]
[BlackElo "2460"]

1.d4 Nf6 2.c4 e6 3.Nf3 c5 4.d5 exd5 5.cxd5 d6 6.Nc3 g6 7.Bg5 h6 8.Bh4 g5
9.Bg3 Nh5 10.e3 Nxg3 11.hxg3 Bg7 12.Bd3 O-O 13.Qc2 f5 14.O-O Na6 15.a3 Nc7
16.Rab1 Qf6 17.Rfe1 b5  1/2-1/2